| 000 | 00533cam a22002171 4500 | ||
|---|---|---|---|
| 001 | sa 66007652 | ||
| 003 | DLC | ||
| 005 | 20260227112306.0 | ||
| 008 | 890717s1966 ii 000 0 urdr | ||
| 010 | _asa 66007652 | ||
| 035 | _a(OCoLC)20023987 | ||
| 040 |
_aDLC _cWaU _dDLC |
||
| 042 | _apremarc | ||
| 050 | 0 | 0 |
_aPK2184 _b.A4 |
| 110 | 2 |
_aAligarh Muslim University. _bDepartment of Urdu. |
|
| 245 | 1 | 0 | _aIntik̲h̲āb-i naẓm. |
| 260 | _c[1966?] | ||
| 300 |
_a58 p. _c19 cm. |
||
| 500 | _aIn Urdu. | ||
| 650 | 0 | _aUrdu poetry. | |
| 999 |
_c71309 _d71309 |
||